Химмотология (Запись № 9994225)

Подробности
000 -МАРКЕР
контрольное поле 01839nam1a2200337 i 4500
001 - ИДЕНТИФИКАТОР ЗАПИСИ
контрольное поле RU\NLR\BIBL_A\010764435
005 - ИДЕНТИФИКАТОР ВЕРСИИ
контрольное поле 20260406001115.0
010 ## - МЕЖДУНАРОДНЫЙ СТАНДАРТНЫЙ НОМЕР КНИГИ (ISBN)
Номер (ISBN) 9785919611110
035 ## - ДРУГИЕ СИСТЕМНЫЕ НОМЕРА
Идентификатор записи (NLR Aleph) 010764435
100 ## - ДАННЫЕ ОБЩЕЙ ОБРАБОТКИ
Данные общей обработки 20150515g20149999um y0rusy50 ca
101 0# - ЯЗЫК РЕСУРСА
Язык текста, звукозаписи и т.д. русский
102 ## - СТРАНА ПУБЛИКАЦИИ ИЛИ ПРОИЗВОДСТВА
Страна публикации российская федерация
105 ## - ПОЛЕ КОДИРОВАННЫХ ДАННЫХ: ТЕКСТОВЫЕ МАТЕРИАЛЫ, МОНОГРАФИЧЕСКИЕ
Кодированные данные о монографическом текстовом документе |||j||||||||
200 1# - ЗАГЛАВИЕ И СВЕДЕНИЯ ОБ ОТВЕТСТВЕННОСТИ
Основное заглавие Химмотология
Параллельное заглавие Chemmotology
Сведения, относящиеся к заглавию учебное пособие
-- для студентов высших учебных заведений, обучающихся по направлению подготовки "Химическая технология"
-- [в 2 ч.]
Первые сведения об ответственности В.Г. Спиркин, И.Г. Фукс, И.Р. Татур [и др.
Последующие сведения об ответственности Нац. исслед. ун-т]
Язык параллельного заглавия английский
210 ## - ПУБЛИКАЦИЯ, РАСПРОСТРАНЕНИЕ И ДР.
Место издания, распространения и т.д. Москва
Имя издателя, распространителя и т. д. Издательский центр РГУ нефти и газа
Дата издания, распространения и т.д. 2014
215 ## - ФИЗИЧЕСКАЯ ХАРАКТЕРИСТИКА
Размеры 24
300 ## - ОБЩИЕ ПРИМЕЧАНИЯ
Текст примечания Авт. также на англ. яз.: V.G. Spirkin, I.G. Fux, I.R. Tatur et al
300 ## - ОБЩИЕ ПРИМЕЧАНИЯ
Текст примечания Посвящается 85-летию РГУ нефти и газа им. И.М. Губкина
510 1# - ПАРАЛЛЕЛЬНОЕ ЗАГЛАВИЕ
Связь между полями z48790
Параллельное заглавие Chemmotology
Язык заглавия английский
606 ## - НАИМЕНОВАНИЕ ТЕМЫ КАК ПРЕДМЕТ
Наименование темы Химмотология
Формальный подзаголовок Учебные издания для высших учебных заведений
Системный номер авторитетной/нормативной записи 1069751
Идентификатор авторитетной/нормативной записи RU\NLR\AUTH\66416403
686 1# - ИНДЕКСЫ ДРУГИХ КЛАССИФИКАЦИЙ
Индекс Л510я73-1
701 #1 - ИМЯ ЛИЦА - АЛЬТЕРНАТИВНАЯ ОТВЕТСТВЕННОСТЬ
Графика поля Кириллица
Материалы, к которым относится поле rus
Начальный элемент ввода Спиркин
Часть имени, кроме начального элемента ввода В. Г.
Даты 1937-
Расширение инициалов личного имени Владимир Григорьевич
Системный номер авторитетной/нормативной записи 145325
Идентификатор авторитетной/нормативной записи RU\NLR\AUTH\770145361
701 #1 - ИМЯ ЛИЦА - АЛЬТЕРНАТИВНАЯ ОТВЕТСТВЕННОСТЬ
Материалы, к которым относится поле rus
Графика поля Кириллица
Начальный элемент ввода Фукс
Часть имени, кроме начального элемента ввода И. Г.
Даты 1937-2010
Расширение инициалов личного имени Игорь Григорьевич
Идентификатор авторитетной/нормативной записи RU\NLR\AUTH\77110643
Системный номер авторитетной/нормативной записи 93568
701 #1 - ИМЯ ЛИЦА - АЛЬТЕРНАТИВНАЯ ОТВЕТСТВЕННОСТЬ
Начальный элемент ввода Татур
Часть имени, кроме начального элемента ввода И.Р.
Расширение инициалов личного имени Игорь Рафаилович
790 #1 - ИМЯ ЛИЦА - АЛЬТЕРНАТИВНАЯ ФОРМА
Графика поля Латинская
Материалы, к которым относится поле rus
Начальный элемент ввода Spirkin
Часть имени, кроме начального элемента ввода V. G.
Даты 1937-
Расширение инициалов личного имени Vladimir Grigor'evič
Системный номер авторитетной/нормативной записи 145330
Идентификатор авторитетной/нормативной записи RU\NLR\AUTH\770145366
852 ## - МЕСТОНАХОЖДЕНИЕ И ШИФР ХРАНЕНИЯ
Идентификатор организации NLR
Шифр хранения (Call Number) 2015-7/2808
942 ## - ДОПОЛНИТЕЛЬНЫЕ ЭЛЕМЕНТЫ ЗАПИСИ (АБИС)
Тип экземпляра АБИС Книга
980 ## - КОЛЛЕКЦИЯ
Название коллекции НБР

Нет доступных экземпляров.